| 000 | 00332nam a22001217a 4500 | ||
|---|---|---|---|
| 020 | _a0131872494 | ||
| 082 |
_222 _a005.437 |
||
| 100 | _aBlanchette, Jasmin and Summerfield Mark. | ||
| 245 | _aC++ GUI programming with Qt 4 / | ||
| 260 |
_aUSA, _bPrentice Hall, _cc2006. |
||
| 300 |
_axvii, 537p. ; _bill. ; _c23 cm. _eCD |
||
| 942 |
_2ddc _cIT |
||
| 999 |
_c2298 _d2298 |
||